000 01473nam a22002657a 4500
003 AR-RoUNCS
005 20260226101459.0
008 260226t2005 sp a||||r|||| 00| f spa d
020 _a84-666-2830-4
040 _aAR-RoUNCS
_cAR-RoUNCS
080 _082-312.9(71)
100 1 _aBoyle, Fionna
_eautor
245 1 0 _aGuía Muggle del mundo mágico :
_b[manual definitivo del universo Harry Potter] /
_cFionna Boyle ; traducción de Jordi Vidal.
260 _aBarcelona :
_bEdiciones B,
_c2005.
300 _a506 p. ;
_c24 cm.
500 _aEn la tapa "Edición no autorizada por J. K. Rowling ni Warner Bros"
504 _aBibliografia p. 469-475. Índex
520 3 _aEl universo creado por J. K. Rowling está tan abarrotado de detalles, que es difícil dominartlo por completo. Gracias a la Guía muggle del mundo mágico, todos los lectores podrán recorrer hasta el último recodo de sus libros preferidos y conocer anécdotas sorprendentes del mago más famoso. Tanto si has olvidade el ingrediente de una posión, como si no recuerdas los efectos de algún embrujo, este manual es la herramienta indispensable para conocer la serie de Harry Potter pormenorizadamente. (Notas del editor).
600 7 _2embne
_aPotter, Harry (personaje de ficción)
_vManuales para aficionados
650 7 _2embne
_aLiteratura canadiense
655 7 _2embne
_aNovelas fantásticas
655 7 _2embne
_aNovelas juveniles
700 1 _aVidal, Jordi
_eTraductor
942 _2udc
_cOG
_n0
999 _c924
_d924